Between perestroika and privatization: divided strategies and political crisis in a soviet enterprise.
Podstaty neúspechu centrálneho plánovania v bývalých socialistických ekonomikách - prípadová štúdia moskovského gumárenského podniku Rezina v období január - marec 1991 - nedostatok odbytových možností a extrémna ekonomická neistota. Podstata novej stratégie prijatej novým riadením. Kryštalizácia bo...
Salvato in:
| Autore principale: | |
|---|---|
| Altri autori: | |
| Natura: | Capitolo di libro |
| Lingua: | inglese |
| Soggetti: | |
| Tags: |
Nessun Tag, puoi essere il primo ad aggiungerne!!
|
MARC
| LEADER | 00000naa a2200000 4500 | ||
|---|---|---|---|
| 001 | r010030 | ||
| 005 | 20221213085239.4 | ||
| 041 | 0 | |a eng | |
| 044 | |a GB | ||
| 245 | 1 | 0 | |a Between perestroika and privatization: divided strategies and political crisis in a soviet enterprise. |c M. Burawoy, K. Hendley |
| 520 | |a Podstaty neúspechu centrálneho plánovania v bývalých socialistických ekonomikách - prípadová štúdia moskovského gumárenského podniku Rezina v období január - marec 1991 - nedostatok odbytových možností a extrémna ekonomická neistota. Podstata novej stratégie prijatej novým riadením. Kryštalizácia bojov okolo vhodnej vlastníckej štruktúry pre podnik. Doporučenia zo štúdie. | ||
| 610 | 2 | 0 | |a kríza |
| 610 | 2 | 0 | |a podnik |
| 610 | 2 | 0 | |a priemysel gumársky |
| 610 | 2 | 0 | |a Moskva |
| 610 | 2 | 0 | |a 1991 |
| 610 | 2 | 0 | |a stratégia podniková |
| 610 | 2 | 0 | |a riadenie podnikové |
| 610 | 2 | 0 | |a vlastníctvo |
| 100 | 1 | |a Burawoy, M. | |
| 700 | 1 | |a Hendley, K. | |